000 00295nam a2200109Ia 4500
008 200302s9999 xx 000 0 und d
100 _aArthur J Willis & Other
245 _aElements of Quantity Surveying Student edition 7th ed.
260 _bGranada Publishing
260 _c1978
300 _a254 P.,
999 _c184
_d184